Normal view
MARC view
Entry Personal Name
001 - CONTROL NUMBER
- control field: 85364
003 - CONTROL NUMBER IDENTIFIER
- control field: dpl
005 - DATE AND TIME OF LATEST TRANSACTION
- control field: 20251006144121.0
008 - FIXED-LENGTH DATA ELEMENTS
- fixed length control field: 251006|| aca||aabn | a|a d
040 ## - CATALOGING SOURCE
- Original cataloging agency: dpl
- Transcribing agency: dpl
100 ## - HEADING--PERSONAL NAME
- Personal name: Barman Susan M
670 ## - SOURCE DATA FOUND
- Source citation: Work cat.: (dpl)213566: Barrett, Kim E. 85363, Ganong's Review of Medical Physiology, 2025
